| Tag |
First Indicator |
Second Indicator |
Subfields |
| LEADER |
00000cam a2200000 4500 |
| 001 |
in00000079337 |
| 005 |
20151008060828.0 |
| 008 |
720721s1918 nyu b 00000 eng d |
| 010 |
|
|
|a 18017787
|
| 035 |
|
|
|a (OCoLC)00362220
|
| 035 |
|
|
|9 AAJ6673AM
|
| 040 |
|
|
|c WSU
|d m.c.
|d OCL
|d TXA
|d UtOrBLW
|
| 049 |
|
|
|a TXAM
|c 1 [1181782], 2 [12123]
|
| 090 |
|
|
|a PR4074
|b Q3 1918
|
| 100 |
1 |
|
|a Barrie, J. M.
|q (James Matthew),
|d 1860-1937.
|
| 245 |
1 |
0 |
|a Quality street ;
|b a comedy.
|
| 264 |
|
1 |
|a New York :
|b Scribner,
|c [1918]
|
| 264 |
|
4 |
|c [©1918]
|
| 300 |
|
|
|a 143 pages ;
|c 19 cm.
|
| 336 |
|
|
|a text
|b txt
|2 rdacontent
|
| 337 |
|
|
|a unmediated
|b n
|2 rdamedia
|
| 338 |
|
|
|a volume
|b nc
|2 rdacarrier
|
| 490 |
1 |
|
|a The Uniform edition of the plays of J.M. Barrie
|
| 500 |
|
|
|a At head of title: The plays of J. M. Barrie.
|
| 800 |
1 |
|
|a Barrie, J. M. (James Matthew),
|d 1860-1937.
|t Uniform edition of the plays of J.M. Barrie.
|
| 999 |
|
|
|a MARS
|
| 999 |
f |
f |
|s 34571a13-7798-3428-878b-b007b3d85475
|i 53bf7275-9a4c-3e31-82db-446a9de81f34
|t 0
|
| 952 |
f |
f |
|p ric
|a Texas A&M University
|b Rellis Campus
|c Joint Library Facility
|s JLF
|d Remote Storage
|t 0
|e PR4074 Q3 1918
|h Library of Congress classification
|i unmediated -- volume
|m A14806184663
|
| 998 |
f |
f |
|a PR4074 Q3 1918
|t 0
|l Remote Storage
|